Signals, Systems and Transforms (Record no. 11234)

000 -LEADER
fixed length control field 00620 a2200181 4500
020 ## - INTERNATIONAL STANDARD BOOK NUMBER
International Standard Book Number 8177582402
082 ## - DEWEY DECIMAL CLASSIFICATION NUMBER
Classification number 621.3822
090 ## - LOCALLY ASSIGNED LC-TYPE CALL NUMBER (OCLC); LOCAL CALL NUMBER (RLIN)
-- 7431
-- 7431
100 ## - MAIN ENTRY--PERSONAL NAME
Personal name Phillips, Charless
110 ## - MAIN ENTRY--CORPORATE NAME
Corporate name or jurisdiction name as entry element Parr, John M., Riskin, Eve A.
245 ## - TITLE STATEMENT
Title Signals, Systems and Transforms
Statement of responsibility, etc. Phillips, Charles
250 ## - EDITION STATEMENT
Edition statement 3rd ed.
260 ## - PUBLICATION, DISTRIBUTION, ETC.
Place of publication, distribution, etc. New Delhi (India)
Name of publisher, distributor, etc. Pearson Education
Date of publication, distribution, etc. 2003
300 ## - PHYSICAL DESCRIPTION
Extent xx, 765 p. ;
Other physical details ill. ;
Dimensions 25 cm.
500 ## - GENERAL NOTE
General note Includes bibliographical references and index.
650 ## - SUBJECT ADDED ENTRY--TOPICAL TERM
Topical term or geographic name entry element 1. Signal processing--mathematical models. 2. Transformations (Mathematics). 3. System analysis.
942 ## - ADDED ENTRY ELEMENTS (KOHA)
Koha item type Book
Call number prefix 621.3822 PHI
Holdings
Withdrawn status Lost status Damaged status Not for loan Permanent Location Current Location Date acquired Total Checkouts Full call number Barcode Date last seen Date last checked out Price effective from Koha item type
        Central Library (CL) Central Library (CL) 09/16/2023 2 621.3822 PHI SEECSD00699 04/22/2024 09/16/2023 11/14/2012 Book
© 2023 Central Library, National University of Sciences and Technology. All Rights Reserved.